<?xml version="1.0" encoding="UTF-8"?>
<collection xmlns="http://www.loc.gov/MARC21/slim">
 <record>
  <leader>01447nam0a2200265   4500</leader>
  <controlfield tag="001">in00000003559</controlfield>
  <controlfield tag="005">20230113143332.1</controlfield>
  <datafield tag="010" ind1=" " ind2=" ">
   <subfield code="a">978-7-5444-9465-6</subfield>
   <subfield code="d">CNY52.00</subfield>
  </datafield>
  <datafield tag="035" ind1=" " ind2=" ">
   <subfield code="a">003897807</subfield>
  </datafield>
  <datafield tag="100" ind1=" " ind2=" ">
   <subfield code="a">20200408d2019    em y0chiy50      ea</subfield>
  </datafield>
  <datafield tag="101" ind1="1" ind2=" ">
   <subfield code="a">chi</subfield>
   <subfield code="c">eng</subfield>
  </datafield>
  <datafield tag="102" ind1=" " ind2=" ">
   <subfield code="a">CN</subfield>
   <subfield code="b">310000</subfield>
  </datafield>
  <datafield tag="105" ind1=" " ind2=" ">
   <subfield code="a">y   z   000yy</subfield>
  </datafield>
  <datafield tag="106" ind1=" " ind2=" ">
   <subfield code="a">r</subfield>
  </datafield>
  <datafield tag="200" ind1="1" ind2=" ">
   <subfield code="a">生命之种</subfield>
   <subfield code="9">sheng ming zhi zhong</subfield>
   <subfield code="d">The seeds of life</subfield>
   <subfield code="e">from Aristotle to Da Vinci, from sharks' teeth to frogs' pants, the long and strange quest to discover where babies come from</subfield>
   <subfield code="e">从亚里士多德到达·芬奇,从鲨鱼牙齿到青蛙短裤,宝宝到底从哪里来?</subfield>
   <subfield code="f">(美)爱德华·多尼克(Edward Dolnick)著</subfield>
   <subfield code="g">王雪怡, 李小龙译</subfield>
   <subfield code="z">eng  ng</subfield>
  </datafield>
  <datafield tag="210" ind1=" " ind2=" ">
   <subfield code="a">上海</subfield>
   <subfield code="c">上海教育出版社</subfield>
   <subfield code="d">2019</subfield>
  </datafield>
  <datafield tag="215" ind1=" " ind2=" ">
   <subfield code="a">337页</subfield>
   <subfield code="d">21cm</subfield>
  </datafield>
  <datafield tag="510" ind1="1" ind2=" ">
   <subfield code="a">Seeds of life</subfield>
   <subfield code="e">from Aristotle to Da Vinci, from sharks' teeth to frogs' pants, the long and strange quest to discover where babies come from</subfield>
   <subfield code="z">eng</subfield>
  </datafield>
  <datafield tag="517" ind1="1" ind2=" ">
   <subfield code="a">从亚里士多德到达·芬奇,从鲨鱼牙齿到青蛙短裤,宝宝到底从哪里来?</subfield>
   <subfield code="9">cong ya li shi duo de dao da · fen qi , cong sha yu ya chi dao qing wa duan ku , bao bao dao di cong na li lai ?</subfield>
  </datafield>
  <datafield tag="606" ind1="0" ind2=" ">
   <subfield code="a">生命起源</subfield>
   <subfield code="j">普及读物</subfield>
  </datafield>
  <datafield tag="690" ind1=" " ind2=" ">
   <subfield code="a">Q10-49</subfield>
   <subfield code="v">5</subfield>
  </datafield>
  <datafield tag="701" ind1=" " ind2="1">
   <subfield code="c">(美)</subfield>
   <subfield code="a">多尼克</subfield>
   <subfield code="9">duo ni ke</subfield>
   <subfield code="g">Dolnick, E.</subfield>
   <subfield code="4">著</subfield>
  </datafield>
  <datafield tag="702" ind1=" " ind2="0">
   <subfield code="a">王雪怡</subfield>
   <subfield code="9">wang xue yi</subfield>
   <subfield code="4">译</subfield>
  </datafield>
  <datafield tag="702" ind1=" " ind2="0">
   <subfield code="a">李小龙</subfield>
   <subfield code="9">Li Xiao Long</subfield>
   <subfield code="4">译</subfield>
  </datafield>
  <datafield tag="999" ind1="f" ind2="f">
   <subfield code="s">e6af8fb8-9eff-435c-9cb3-712a02c7aa1e</subfield>
   <subfield code="i">c463b702-0307-498c-a535-217177bc3281</subfield>
  </datafield>
 </record>
</collection>
